000 00425nam a2200169Ia 4500
008 230524s9999 xx 000 0 und d
082 _a621.892
_bSIN
100 _aB.P.Singh
_95207
245 0 _aElectronic Devices and Integrated Circuits
250 _a1ST
260 _aNEW DELHI
_bPearson
_c2006
300 _aXVI;932
500 _aQuantity Number: 2
650 _aElectronics
700 _a Rekha Singh
942 _cBK
999 _c37234
_d37234